| 000 | 00600 a2200193 4500 | ||
|---|---|---|---|
| 003 | Nust | ||
| 005 | 20170207154013.0 | ||
| 020 | _a0-471-31779-9 ; | ||
| 020 | _a978-0-471-31779-1 | ||
| 040 | _cNust | ||
| 082 | _a621.382 | ||
| 100 | 1 | _aSimon, Marvin K. | |
| 245 | 0 | 0 |
_aDigital communication over fading channels-(E-BOOK) _ba unified approach to performance analysis / _cMarvin K. Simon, Mohamed-Slim Alouini |
| 260 |
_aNew York : _bWiley, _ccop. 2000 |
||
| 300 | _a544 s. | ||
| 440 | 0 | _aWiley series in telecommunications, | |
| 650 | _aTelecommunication engineering. | ||
| 700 | 1 | _aAlouini, Mohamed-Slim | |
| 942 |
_2ddc _cBK |
||
| 999 |
_c191300 _d191300 |
||